Philips/ (Record no. 13969)
[ view plain ]
| 000 -LEADER | |
|---|---|
| fixed length control field | 00550nam a22001577a 4500 |
| 008 - FIXED-LENGTH DATA ELEMENTS--GENERAL INFORMATION | |
| fixed length control field | 100509t xxu||||| |||| 00| 0 eng d |
| 082 ## - DEWEY DECIMAL CLASSIFICATION NUMBER | |
| Edition number | 22 |
| Classification number | 781.64 |
| Item number | PHI |
| 110 ## - MAIN ENTRY--CORPORATE NAME | |
| 9 (RLIN) | 13848 |
| Corporate name or jurisdiction name as entry element | Philips |
| 245 ## - TITLE STATEMENT | |
| Title | Philips/ |
| 260 ## - PUBLICATION, DISTRIBUTION, ETC. (IMPRINT) | |
| Place of publication, distribution, etc | Amsterdam, the Netherlands: |
| Name of publisher, distributor, etc | Philips, |
| 300 ## - PHYSICAL DESCRIPTION | |
| Extent | 1 sound disc (80 min.) : |
| Other physical details | digital, stereo. ; |
| Dimensions | 4 3/4 in. |
| 650 ## - SUBJECT ADDED ENTRY--TOPICAL TERM | |
| 9 (RLIN) | 13847 |
| Topical term or geographic name as entry element | House music |
| 650 ## - SUBJECT ADDED ENTRY--TOPICAL TERM | |
| 9 (RLIN) | 13846 |
| Topical term or geographic name as entry element | Techno music |
| 942 ## - ADDED ENTRY ELEMENTS (KOHA) | |
| Source of classification or shelving scheme | Dewey Decimal Classification |
| Item type | |
| Withdrawn status | Lost status | Source of classification or shelving scheme | Damaged status | Not for loan | Location (home branch) | Sublocation or collection (holding branch) | Shelving location | Date acquired | Source of acquisition | Koha issues (times borrowed) | Koha full call number | Piece designation (barcode) | Koha date last seen | Price effective from | Koha item type |
|---|---|---|---|---|---|---|---|---|---|---|---|---|---|---|---|
| Dewey Decimal Classification | Central Library | Central Library | Second Floor | 09/05/2010 | 781.64 PHI | 000014263 | 24/08/2022 | 09/05/2010 | CD | DVD - (NB) |